LEADER 01037nam a2200265 u 4500 001 000000034773 003 CaOOAMICUS 005 20070226112517.0 008 980212s1997 it u000 u ita u 020 $a8834871898 035 $a10782290 040 $aPUL(R)$bita 100 1 $aCerri, Augusto.$0(OLS)http://pul/name/26753 245 10$aProlegomeni ad un corso sulle fonti del diritto /$cAugusto Cerri. 260 $aTorino :$bG. Giappichelli,$cc1997. 300 $a127 p. ;$c21 cm 504 $aBibliografia: pp. 124-127. 650 4$aDiritto$xFonti.$0(OLS)http://pul/subject/15819 850 $aPUL 852 $aPUL$W1$xSL Diritto e Scienze Sociali 1$y4$m181 A 65$j47565$nBK-PRI$b $qStampati$B47565$CPULBib$Z2$F47565 $H $81 941 1 $a8 961 $aINV: 77338 996 $6020$a8834871898$9(OLS)http://pul/number/43749 996 $6245$aProlegomeni ad un corso sulle fonti del diritto$9(OLS)http://pul/title/47920 996 $6260$aTorino :$bG. Giappichelli$9(OLS)http://pul/publisher/49130 LEADER 01259nam a2200313 a 4500 001 000000129308 003 CaOOAMICUS 005 20120613152932.0 008 120613s2012 it a 000 0 ita r 040 $aPUL$bita 082 04$a750 100 1 $aDel Puppo, Alessandro.$0(OLS)http://pul/name/82779 245 10$aDalì /$cAlessandro Del Puppo. 250 $aEd. speciale per il Sole 24 Ore. 260 $aMilano :$bIl Sole 24 ore,$c2012$aFirenze :$bE-ducation.it S.p.a.,$c2012. 300 $a157 p. :$bill. ;$c21 cm 490 1 $aI grandi maestri ;$v11 500 $aIn custodia. 504 $aInclude riferimenti bibliografici. 600 14$aDalí, Salvador,$d1904-1989.$0(OLS)http://pul/subject/38743 830 2$aI grandi maestri ;$v11.$0(OLS)http://pul/title/162243 850 $aPUL 852 $aPUL$W1$xDP2 Cons. Gen., Altre Classi 3$y97$m750 COLL 2.11$j149737$qDDC 21$B148259$CPULBib$Z2$F148259 $H119697 $82 941 1 $a9 996 $6082$a750$9(OLS)http://pul/classification/363 996 $6245$aDalì$9(OLS)http://pul/title/163407 996 $6260$aMilano :$bIl Sole 24 ore$9(OLS)http://pul/publisher/69212 996 $6260$aFirenze :$bE-ducation.it S.p.a.$9(OLS)http://pul/publisher/81559